[Event "FIDE Grand Swiss 2019"]
[Site "Douglas"]
[Date "17.10.2019"]
[Round "7.41"]
[White "Berkes, Ferenc"]
[Black "L'Ami, Erwin"]
[Result "1/2-1/2"]
[WhiteTitle "GM"]
[BlackTitle "GM"]
[WhiteElo "2667"]
[BlackElo "2619"]
[WhiteFideId "718572"]
[BlackFideId "1007998"]
[EventDate "2019.10.10"]

1. d4 d5 2. Nf3 Nf6 3. g3 c6 4. c4 g6 5. Bg2 Bg7 6. cxd5 cxd5 7. Nc3 O-O 8. Ne5
e6 9. O-O Nfd7 10. Nf3 Nc6 11. Bf4 Qb6 12. Na4 Qa5 13. Bd2 Qa6 14. e3 b5 15. Nc3
Nb6 16. b3 b4 17. Ne2 Nd7 18. Nf4 Qb6 19. h4 a5 20. Re1 Ba6 21. Rc1 Nf6 22. Bh3
Rfe8 23. Bf1 Bxf1 24. Kxf1 e5 25. dxe5 Nxe5 26. Nxe5 Rxe5 27. Re2 h6 28. Qc2 g5
29. hxg5 hxg5 30. Nd3 Re6 31. Be1 Ne4 32. Kg2 Rae8 33. Qc7 Qb5 34. Qc2 Bc3 35.
f3 Bxe1 36. Rexe1 Nc3 37. Nf2 d4 38. e4 f5 39. Qd2 fxe4 40. fxe4 Nxe4 41. Qxd4
Qb7 42. Kg1 Nc3 43. Rxe6 Rxe6 44. Qd8+ Kf7 45. Qd3 Ke8 46. Rc2 Qd7 47. Qf3 Ke7
48. a3 Qd4 49. axb4 axb4 50. Qd3 Qxd3 51. Nxd3 1/2-1/2

[Event "FIDE Grand Swiss 2019"]
[Site "Douglas"]
[Date "17.10.2019"]
[Round "7.43"]
[White "Demchenko, Anton"]
[Black "Narayanan, S.L."]
[Result "0-1"]
[WhiteTitle "GM"]
[BlackTitle "GM"]
[WhiteElo "2655"]
[BlackElo "2611"]
[WhiteFideId "4160258"]
[BlackFideId "5058422"]
[EventDate "2019.10.10"]

1. e4 c5 2. Nf3 d6 3. Bb5+ Nd7 4. d4 cxd4 5. Qxd4 a6 6. Be2 Ngf6 7. O-O g6 8.
Rd1 Bg7 9. Nc3 O-O 10. e5 dxe5 11. Nxe5 Nh5 12. f4 Nhf6 13. Be3 Qc7 14. Bf3 Rb8
15. a4 e6 16. Qc4 Qxc4 17. Nxc4 b5 18. axb5 axb5 19. Nd6 b4 20. Ncb5 Nb6 21. Nc7
h5 22. Bd4 Nfd5 23. Bxd5 Bxd4+ 24. Rxd4 Nxd5 25. Nxd5 exd5 26. Rxd5 Be6 27. Rd4
Rb6 28. Rad1 Ra8 29. b3 Ra2 30. Nc4 Rc6 31. Ne3 Bf5 32. Rxb4 Bxc2 33. Rd2 Rc3
34. Nf1 Ra1 35. Rc4 Bd3 36. Rxd3 Rxd3 37. Kf2 Ra2+ 38. Kg1 Rxb3 39. Rc1 Rbb2 0-1

[Event "FIDE Grand Swiss 2019"]
[Site "Douglas"]
[Date "17.10.2019"]
[Round "7.45"]
[White "Sevian, Samuel"]
[Black "Safarli, Eltaj"]
[Result "1/2-1/2"]
[WhiteTitle "GM"]
[BlackTitle "GM"]
[WhiteElo "2654"]
[BlackElo "2593"]
[WhiteFideId "2040506"]
[BlackFideId "13402129"]
[EventDate "2019.10.10"]

1. e4 e5 2. Nf3 Nc6 3. Bb5 Nd4 4. Nxd4 exd4 5. O-O Bc5 6. Bc4 d6 7. c3 c6 8. b4
Bb6 9. Qb3 Qe7 10. cxd4 Bxd4 11. Bb2 Bxb2 12. Qxb2 Nf6 13. d3 O-O 14. Nd2 d5 15.
exd5 cxd5 16. Bb5 Bd7 17. Rfe1 Qd6 18. Bxd7 Qxd7 19. Nf3 Rfe8 20. h3 h6 21. Nd4
Rxe1+ 22. Rxe1 Re8 23. Rc1 Rc8 24. Rc5 Re8 25. Qc3 Qa4 26. Qd2 Qd7 27. Qf4 Qa4
28. Qd2 Qd7 29. a3 Qd6 30. Qc3 Qe5 31. Rc7 Re7 32. Nb5 Qxc3 33. Rxc3 a6 34. Nd6
Rd7 35. Nf5 h5 36. Rc8+ Kh7 37. Nd4 Ng8 38. a4 Ne7 39. Rb8 Kg6 40. b5 axb5 41.
axb5 Nf5 42. Nb3 Rc7 43. b6 Rc3 44. Na5 Rxd3 45. Rxb7 Rd1+ 46. Kh2 Rb1 47. Nc6
Kf6 48. g4 hxg4 49. hxg4 Nd6 50. Rd7 Ke6 51. Re7+ Kf6 52. Rd7 Ke6 53. Re7+ Kf6
54. g5+ Kxg5 55. Rd7 Rxb6 56. Rxd6 Kf4 57. Kg2 Ra6 1/2-1/2

[Event "FIDE Grand Swiss 2019"]
[Site "Douglas"]
[Date "17.10.2019"]
[Round "7.52"]
[White "Efimenko, Zahar"]
[Black "Jones, Gawain C B"]
[Result "1/2-1/2"]
[WhiteTitle "GM"]
[BlackTitle "GM"]
[WhiteElo "2604"]
[BlackElo "2688"]
[WhiteFideId "14107201"]
[BlackFideId "409561"]
[EventDate "2019.10.10"]

1. Nf3 Nf6 2. g3 g6 3. b3 Bg7 4. Bb2 c5 5. c4 d6 6. Bg2 e5 7. O-O O-O 8. Nc3 Nc6
9. e3 Re8 10. d3 Rb8 11. a3 a6 12. Nd2 Bg4 13. Qc2 Qd7 14. Rae1 Bh3 15. Bxh3
Qxh3 16. Nde4 Nxe4 17. dxe4 b5 18. Rd1 Qd7 19. Nd5 Ne7 20. Bc3 Qb7 21. cxb5 axb5
22. b4 Qa7 23. Qb2 Nc6 24. Rc1 c4 25. Ra1 Ne7 26. Rfd1 Ra8 27. Qd2 Red8 28. Qc2
Nxd5 29. Rxd5 Qd7 30. Bb2 Rdc8 31. Bc3 Ra6 32. Kg2 Rca8 33. Bb2 Qc6 34. Rad1 Bf8
35. Qc3 Rb6 36. f4 Bg7 37. f5 Qb7 38. Rf1 Qe7 39. Qd2 Rc8 40. Bc3 Ra8 1/2-1/2

[Event "FIDE Grand Swiss 2019"]
[Site "Douglas"]
[Date "17.10.2019"]
[Round "7.53"]
[White "Rodshtein, Maxim"]
[Black "Yilmaz, Mustafa"]
[Result "0-1"]
[WhiteTitle "GM"]
[BlackTitle "GM"]
[WhiteElo "2684"]
[BlackElo "2595"]
[WhiteFideId "2806851"]
[BlackFideId "6302718"]
[EventDate "2019.10.10"]

1. e4 c5 2. Nf3 d6 3. d4 cxd4 4. Nxd4 Nf6 5. Nc3 a6 6. h3 e6 7. g4 h6 8. Bg2 Be7
9. a3 g5 10. Qe2 Nbd7 11. h4 Rg8 12. hxg5 hxg5 13. f4 gxf4 14. g5 Rxg5 15. Bxf4
Rg8 16. O-O-O e5 17. Nf3 exf4 18. e5 dxe5 19. Nxe5 Qb6 20. Nc4 Qe6 21. Qf1 Rxg2
22. Re1 Qc6 23. Qxf4 Kd8 24. Rh8+ Rg8 25. Rxg8+ Nxg8 26. Qxf7 Ndf6 27. Na5 Qc5
28. Rd1+ Kc7 0-1

[Event "FIDE Grand Swiss 2019"]
[Site "Douglas"]
[Date "17.10.2019"]
[Round "7.56"]
[White "Bachmann, Axel"]
[Black "Gukesh, D"]
[Result "0-1"]
[WhiteTitle "GM"]
[BlackTitle "GM"]
[WhiteElo "2629"]
[BlackElo "2520"]
[WhiteFideId "3700488"]
[BlackFideId "46616543"]
[EventDate "2019.10.10"]

1. e4 c5 2. Nc3 Nc6 3. g3 g6 4. Bg2 Bg7 5. d3 d6 6. Be3 e5 7. Nh3 Nge7 8. f4 Nd4
9. O-O O-O 10. Qd2 Bg4 11. Ng5 f6 12. Nf3 Qd7 13. Rf2 b5 14. Raf1 Rac8 15. Nd1
exf4 16. Bxf4 d5 17. Nxd4 cxd4 18. Bh6 dxe4 19. dxe4 Nc6 20. Bxg7 Kxg7 21. c3
Rcd8 22. cxd4 Bxd1 23. e5 fxe5 24. d5 Bg4 25. Rxf8 Rxf8 26. Rxf8 Kxf8 27. Qf2+
Ke7 28. Qc5+ Qd6 29. Qc1 Nb4 30. Qg5+ Kf7 31. Qxg4 Qc5+ 32. Kf1 Qc1+ 33. Ke2
Qxb2+ 34. Ke3 Qc3+ 35. Ke2 Qb2+ 36. Ke3 Nc2+ 37. Kd2 Nd4+ 38. Ke3 Nf5+ 39. Kf3
Qxg2+ 0-1

[Event "FIDE Grand Swiss 2019"]
[Site "Douglas"]
[Date "17.10.2019"]
[Round "7.58"]
[White "Akobian, Varuzhan"]
[Black "Stefanova, Antoaneta"]
[Result "1-0"]
[WhiteTitle "GM"]
[BlackTitle "GM"]
[WhiteElo "2625"]
[BlackElo "2479"]
[WhiteFideId "13300580"]
[BlackFideId "2902257"]
[EventDate "2019.10.10"]

1. d4 Nf6 2. c4 g6 3. Nc3 d5 4. Nf3 Bg7 5. h4 c6 6. cxd5 cxd5 7. Bf4 Nc6 8. e3
O-O 9. Be2 Bg4 10. Qb3 Na5 11. Qb4 Ne4 12. Rc1 Rc8 13. O-O Bxf3 14. gxf3 Nxc3
15. Rxc3 Rxc3 16. Qxc3 Nc6 17. Bb5 e5 18. dxe5 d4 19. Qc5 dxe3 20. Qxe3 Qxh4 21.
Bxc6 bxc6 22. Rc1 Rc8 23. b4 Qh3 24. Qxa7 Qxf3 25. Qd7 Rf8 26. Bg3 Qa3 27. Qd2
Qa6 28. Rc5 h5 29. Qc2 Qa3 30. Qc4 Rb8 31. e6 Rxb4 32. e7 Rb1+ 33. Kg2 Re1 34.
Be5 Qa8 35. Bxg7 Rxe7 36. Bc3 Re6 37. Qd4 f6 38. Qd7 Qxa2 39. Ra5 1-0

[Event "FIDE Grand Swiss 2019"]
[Site "Douglas"]
[Date "17.10.2019"]
[Round "7.61"]
[White "Vovk, Andriy"]
[Black "Lei, Tingjie"]
[Result "1/2-1/2"]
[WhiteTitle "GM"]
[BlackTitle "GM"]
[WhiteElo "2618"]
[BlackElo "2469"]
[WhiteFideId "14114470"]
[BlackFideId "8605114"]
[EventDate "2019.10.10"]

1. e4 e5 2. Nf3 Nc6 3. Bc4 Bc5 4. O-O Nf6 5. d3 d6 6. c3 a5 7. Bb3 h6 8. Nbd2
O-O 9. a4 Ne7 10. d4 exd4 11. cxd4 Ba7 12. Bc2 Nc6 13. h3 Nxd4 14. Nxd4 Bxd4 15.
Ra3 d5 16. Nf3 Bc5 17. Rd3 c6 18. exd5 Nxd5 19. Bb1 b6 20. Ne5 Qf6 21. Ng4 Qh4
22. Qf3 Ba6 23. Rxd5 cxd5 24. Nxh6+ Kh8 25. Nf5 Qh7 26. Rd1 g6 27. Ne3 d4 28.
Qf6+ Qg7 29. Qh4+ Qh7 30. Qf6+ Qg7 31. Qh4+ Qh7 1/2-1/2

[Event "FIDE Grand Swiss 2019"]
[Site "Douglas"]
[Date "17.10.2019"]
[Round "7.62"]
[White "Jobava, Baadur"]
[Black "Zatonskih, Anna"]
[Result "1-0"]
[WhiteTitle "GM"]
[BlackTitle "IM"]
[WhiteElo "2617"]
[BlackElo "2422"]
[WhiteFideId "13601520"]
[BlackFideId "14101572"]
[EventDate "2019.10.10"]

1. d4 d5 2. Bf4 e6 3. e3 Nf6 4. Nc3 a6 5. a3 c5 6. h3 b5 7. Nf3 Bb7 8. Bd3 Nbd7
9. O-O Be7 10. Re1 O-O 11. Ne5 Rc8 12. Bf1 Nb6 13. Nd3 Nbd7 14. Ne2 c4 15. Ne5
Ne4 16. Nf3 f6 17. Bh2 g5 18. Nd2 Nd6 19. b4 cxb3 20. cxb3 a5 21. Nc1 b4 22.
axb4 axb4 23. Nd3 Qb6 24. h4 h6 25. Qh5 Rf7 26. Rec1 Rc3 27. Nb2 Rxc1 28. Rxc1
Nf8 29. Na4 Qd8 30. Nc5 Bc8 31. Bd3 Nf5 32. Nf3 Rg7 33. Rc2 g4 34. Bc7 Qxc7 35.
Nxe6 Qb7 36. Rc7 Qa8 37. Nxg7 Nxg7 38. Qxh6 Bd7 39. Nh2 Qd8 40. Ra7 Qc8 41. Nxg4
Qc1+ 42. Kh2 Qc6 43. Qf4 Nh5 44. Nh6+ Kh8 45. Qf3 Bd6+ 46. g3 1-0

[Event "FIDE Grand Swiss 2019"]
[Site "Douglas"]
[Date "17.10.2019"]
[Round "7.64"]
[White "Arkell, Keith C"]
[Black "Movsesian, Sergei"]
[Result "1/2-1/2"]
[WhiteTitle "GM"]
[BlackTitle "GM"]
[WhiteElo "2447"]
[BlackElo "2654"]
[WhiteFideId "400270"]
[BlackFideId "310204"]
[EventDate "2019.10.10"]

1. d4 Nf6 2. Nf3 e6 3. c4 d5 4. cxd5 exd5 5. Nc3 Bb4 6. Qa4+ Nc6 7. Bg5 h6 8.
Bxf6 Qxf6 9. e3 O-O 10. Be2 Rd8 11. O-O a6 12. Rfc1 Be6 13. Qd1 Bd6 14. Na4 Ne7
15. Nc5 Bc8 16. b4 Ng6 17. a4 Qe7 18. Rab1 Nf8 19. Qc2 Nh7 20. b5 axb5 21. axb5
Nf6 22. Ra1 Rxa1 23. Rxa1 Re8 24. Ra7 b6 25. Nd3 Bf5 26. g3 Ng4 27. Qc1 Qf6 28.
Nde5 Nxe5 29. dxe5 Bxe5 30. Nxe5 Rxe5 31. Rxc7 d4 32. Bc4 Rc5 33. Rxc5 bxc5 34.
exd4 cxd4 35. Qf4 d3 36. b6 d2 37. Be2 g5 38. Qxd2 1/2-1/2

[Event "FIDE Grand Swiss 2019"]
[Site "Douglas"]
[Date "17.10.2019"]
[Round "7.65"]
[White "Sebag, Marie"]
[Black "Durarbayli, Vasif"]
[Result "0-1"]
[WhiteTitle "GM"]
[BlackTitle "GM"]
[WhiteElo "2445"]
[BlackElo "2617"]
[WhiteFideId "617822"]
[BlackFideId "13402935"]
[EventDate "2019.10.10"]

1. e4 c5 2. Nf3 d6 3. Bb5+ Nd7 4. d4 cxd4 5. Qxd4 a6 6. Bxd7+ Bxd7 7. Nc3 e5 8.
Qd3 Rc8 9. Nd2 Qc7 10. a4 Nf6 11. O-O Be7 12. Rd1 O-O 13. Nf1 d5 14. exd5 Ne8
15. d6 Bxd6 16. Ne4 Bf5 17. Ne3 Bxe4 18. Qxe4 Nf6 19. Qh4 Rfd8 20. Bd2 Bc5 21.
Nf5 Bf8 22. c3 Qd7 23. Ne3 Qe6 24. h3 Qb3 25. Rab1 Rd3 26. Be1 Rxd1 27. Rxd1
Qxb2 28. Qg5 Qb3 29. c4 Qxa4 30. Nf5 g6 31. Ne3 Bg7 32. Bc3 Re8 33. Qh4 h6 34.
Be1 b5 35. f3 Qb3 36. Bf2 e4 37. cxb5 Qxb5 38. f4 a5 39. f5 g5 40. Qg3 a4 41.
Qd6 Qb3 42. Qa6 Rb8 43. Rd4 a3 44. Ra4 Bf8 45. Kh2 Qb6 46. Rxa3 Bd6+ 47. Kg1
Bxa3 48. Qxa3 Qb2 49. Qd6 Qa1+ 50. Kh2 Rb1 51. Nd5 Rh1+ 52. Kg3 Nh5+ 0-1

[Event "FIDE Grand Swiss 2019"]
[Site "Douglas"]
[Date "17.10.2019"]
[Round "7.68"]
[White "Danielian, Elina"]
[Black "Prithu, Gupta"]
[Result "1-0"]
[WhiteTitle "GM"]
[BlackTitle "GM"]
[WhiteElo "2385"]
[BlackElo "2493"]
[WhiteFideId "13300210"]
[BlackFideId "46618546"]
[EventDate "2019.10.10"]

1. d4 Nf6 2. c4 e6 3. Nc3 Bb4 4. Qc2 d5 5. cxd5 exd5 6. Bf4 Nc6 7. e3 Ne4 8. Bd3
g5 9. Bg3 Bf5 10. Ne2 Qe7 11. a3 h5 12. axb4 Nxb4 13. Qa4+ Bd7 14. Qd1 h4 15.
Be5 f6 16. Bxc7 Bf5 17. Bb5+ Kf7 18. Ba5 h3 19. Qb3 1-0

[Event "FIDE Grand Swiss 2019"]
[Site "Douglas"]
[Date "17.10.2019"]
[Round "7.72"]
[White "Iturrizaga Bonelli, Eduardo"]
[Black "Batsiashvili, Nino"]
[Result "1-0"]
[WhiteTitle "GM"]
[BlackTitle "GM"]
[WhiteElo "2629"]
[BlackElo "2422"]
[WhiteFideId "3901211"]
[BlackFideId "13602993"]
[EventDate "2019.10.10"]

1. c4 e5 2. g3 Nf6 3. Bg2 Bc5 4. Nc3 c6 5. Na4 Be7 6. Nf3 e4 7. Nd4 d5 8. cxd5
Qxd5 9. Nc2 O-O 10. Nc3 Qe5 11. d4 exd3 12. Qxd3 Na6 13. O-O Nb4 14. Nxb4 Bxb4
15. Bf4 Qh5 16. Rfd1 Bh3 17. Ne4 Nd5 18. Bxh3 Qxh3 19. Bd6 Bxd6 20. Nxd6 Qd7 21.
Nf5 Qe6 22. e4 Nf6 23. f3 g6 24. Ne3 h5 25. Kg2 Kg7 26. Qc3 Rfd8 27. a4 Kg8 28.
Rd4 Rxd4 29. Qxd4 b6 30. Rd1 Re8 31. a5 bxa5 32. Nc4 h4 33. Rd2 c5 34. Qd3 a4
35. e5 Nh5 36. Qe4 hxg3 37. hxg3 Qe7 38. Qg4 Rb8 39. Rd7 Qe6 40. Qxe6 fxe6 41.
Rc7 Rb5 42. Kh3 Kf8 43. Rxa7 Rb4 44. Nd6 Rxb2 45. Rxa4 Rf2 46. Kg4 Rc2 47. Ra7
c4 48. Rf7+ Kg8 49. Rc7 Kf8 50. Ne4 Ng7 51. Kg5 Ne8 52. Rc8 Kf7 53. Nf6 Re2 54.
f4 Nxf6 55. exf6 Re3 56. g4 Re4 57. Rc7+ Ke8 58. f7+ Kf8 59. Kxg6 Rxf4 60. Rc8+
Ke7 61. Re8+ Kd6 62. f8=Q+ Rxf8 63. Rxf8 Ke5 64. Rf1 c3 65. Kf7 1-0

[Event "FIDE Grand Swiss 2019"]
[Site "Douglas"]
[Date "17.10.2019"]
[Round "7.73"]
[White "Bulmaga, Irina"]
[Black "Solomon, Kenny"]
[Result "0-1"]
[WhiteTitle "IM"]
[BlackTitle "GM"]
[WhiteElo "2442"]
[BlackElo "2382"]
[WhiteFideId "13903063"]
[BlackFideId "14300192"]
[EventDate "2019.10.10"]

1. e4 c5 2. Nf3 d6 3. d4 cxd4 4. Nxd4 Nf6 5. Nc3 a6 6. Be3 e5 7. Nb3 Be6 8. f3
Be7 9. Qd2 O-O 10. O-O-O Nbd7 11. g4 b5 12. Kb1 Nb6 13. g5 Nh5 14. Rg1 Rc8 15.
Qf2 Nc4 16. Bxc4 bxc4 17. Nc5 Nf4 18. Bxf4 exf4 19. Nxe6 fxe6 20. Qh4 Rc5 21.
Qg4 Re5 22. h4 Qb6 23. Ka1 Rb8 24. Rb1 Rf8 25. Rge1 Qf2 26. Ne2 Qe3 27. c3 Qb6
28. Nxf4 Ra5 29. Qxe6+ Kh8 30. Ng6+ hxg6 31. Qxc4 Qb5 32. Qe6 Qe8 33. h5 gxh5
34. Rh1 Rxg5 35. Rh3 Qf7 36. Qd7 Ra5 37. a3 g6 38. f4 Rd8 39. Qc7 Rc5 40. Qb7 a5
41. Rg1 Rf8 42. f5 g5 43. Rxh5+ Qxh5 44. Qxe7 Qh6 45. Rd1 Re5 46. Qc7 Rf6 47.
Qc8+ Qf8 48. Rh1+ Kg7 49. Qc7+ Qe7 50. Qc8 Qf8 51. Qc7+ Qe7 52. Qc8 Rf8 53. f6+
Qxf6 54. Qd7+ Re7 55. Qh3 Qg6 56. c4 Rb7 57. Rh2 a4 58. Ka2 Re7 59. Qc3+ Qf6 60.
Qh3 Qg6 61. Qc3+ Re5 62. Qc2 Ra8 63. Rh1 Qxe4 64. Qh2 Qh4 65. Qg2 Qxc4+ 66. Ka1
Rae8 67. Qf2 Qf4 68. Qa7+ R8e7 0-1

[Event "FIDE Grand Swiss 2019"]
[Site "Douglas"]
[Date "18.10.2019"]
[Round "8.11"]
[White "Gelfand, Boris"]
[Black "Zhang, Zhong"]
[Result "1-0"]
[WhiteTitle "GM"]
[BlackTitle "GM"]
[WhiteElo "2686"]
[BlackElo "2636"]
[WhiteFideId "2805677"]
[BlackFideId "8600694"]
[EventDate "2019.10.10"]

1. d4 d5 2. c4 e6 3. Nf3 dxc4 4. Qa4+ Nc6 5. Qxc4 Nf6 6. Bg5 h6 7. Bxf6 Qxf6 8.
Nc3 Bd6 9. e3 a6 10. Be2 O-O 11. O-O Bd7 12. Rfd1 Qe7 13. Ne4 Rfc8 14. Rac1 e5
15. d5 Nd8 16. Qc2 f5 17. Nc5 e4 18. Nd4 Qe5 19. g3 Be8 20. Nde6 Rab8 21. Qc3
Nf7 22. Bh5 Qxc3 23. Rxc3 Be5 24. Rc2 b6 25. Nxa6 Ra8 26. Nb4 Bd6 27. Nc6 Rxa2
28. Bg6 Bxc6 29. dxc6 Ra5 30. Nd4 Rd5 31. Rcc1 Rxd4 32. Rxd4 1-0

[Event "FIDE Grand Swiss 2019"]
[Site "Douglas"]
[Date "18.10.2019"]
[Round "8.12"]
[White "Hovhannisyan, Robert"]
[Black "McShane, Luke J"]
[Result "1/2-1/2"]
[WhiteTitle "GM"]
[BlackTitle "GM"]
[WhiteElo "2639"]
[BlackElo "2682"]
[WhiteFideId "13302507"]
[BlackFideId "404853"]
[EventDate "2019.10.10"]

1. e4 e5 2. Nf3 Nc6 3. Nc3 Nf6 4. d4 exd4 5. Nxd4 Bb4 6. Nxc6 bxc6 7. Bd3 d5 8.
exd5 cxd5 9. O-O O-O 10. Bg5 c6 11. Qf3 Rb8 12. h3 Bd6 13. b3 Be5 14. Bf4 Bxc3
15. Bxb8 Bxa1 16. Rxa1 Bg4 17. hxg4 Qxb8 18. Re1 h6 19. g3 Qb4 20. Re2 a5 21.
Qf5 Qa3 22. f4 Qxa2 23. g5 hxg5 24. fxg5 Ne4 25. Bxe4 g6 26. Qf6 dxe4 27. Qc3
Qa3 28. Rh2 f6 29. gxf6 Qd6 30. Rf2 e3 31. Qxe3 Rxf6 32. Rd2 Qe6 33. Re2 Qxe3+
34. Rxe3 Kf7 35. Rc3 Ke7 36. Rc5 Kd6 37. Rxa5 Rf3 38. Rg5 Rc3 39. Rxg6+ Ke5 40.
Kg2 Kf5 41. Rd6 Rxc2+ 42. Kh3 c5 43. Rb6 c4 44. Rb5+ Kf6 45. Rb6+ Kg7 46. b4 Rb2
47. Kg4 c3 48. Kg5 c2 49. Rb7+ Kg8 50. Kg6 Kf8 51. Kf6 Kg8 52. Kg6 Kf8 53. Rc7
Rxb4 54. Rxc2 Rg4+ 55. Kf6 Kg8 56. Rc3 Kh7 57. Kf5 Rg6 58. Re3 Kh6 59. g4 Rg5+
60. Kf6 Rg6+ 61. Kf5 1/2-1/2

[Event "FIDE Grand Swiss 2019"]
[Site "Douglas"]
[Date "18.10.2019"]
[Round "8.13"]
[White "Adhiban, Baskaran"]
[Black "Robson, Ray"]
[Result "1/2-1/2"]
[WhiteTitle "GM"]
[BlackTitle "GM"]
[WhiteElo "2639"]
[BlackElo "2670"]
[WhiteFideId "5018471"]
[BlackFideId "2023970"]
[EventDate "2019.10.10"]

1. d4 d5 2. c4 c6 3. Nf3 Nf6 4. Nc3 e6 5. Bg5 h6 6. Bxf6 Qxf6 7. e3 g6 8. Ne5
Bg7 9. f4 O-O 10. h4 c5 11. Qd2 Nc6 12. O-O-O Rd8 13. g4 cxd4 14. exd4 dxc4 15.
Qe3 Qe7 16. Bxc4 Bd7 17. Kb1 Nxe5 18. fxe5 Bc6 19. Rh2 Qb4 20. Bb3 Rd7 21. h5 g5
22. Bc2 Rad8 23. Rhd2 Qc4 24. Ka1 b5 25. Kb1 Kf8 26. Bb3 Qb4 27. Ne2 Qa5 28. Rc2
Qb6 29. Rdc1 Bb7 30. Rc5 a5 31. Bc2 b4 32. Be4 Ba6 33. Bd3 Bxd3+ 34. Qxd3 Qb7
35. Rf1 Rd5 36. Qf3 Qa7 37. Rxd5 Rxd5 38. Rc1 Qd7 39. Rc4 Kg8 40. b3 Bf8 41. Qh1
Qa7 42. Qc1 Rd7 43. Rc8 Rxd4 44. Rc7 Qb6 45. Nxd4 Qxd4 46. Qf1 Qe4+ 47. Kc1 Qe3+
48. Kc2 Qe4+ 49. Kc1 Qe3+ 50. Kb1 Qe4+ 51. Kc1 1/2-1/2

[Event "FIDE Grand Swiss 2019"]
[Site "Douglas"]
[Date "18.10.2019"]
[Round "8.14"]
[White "Tari, Aryan"]
[Black "Kryvoruchko, Yuriy"]
[Result "1/2-1/2"]
[WhiteTitle "GM"]
[BlackTitle "GM"]
[WhiteElo "2630"]
[BlackElo "2669"]
[WhiteFideId "1510045"]
[BlackFideId "14109182"]
[EventDate "2019.10.10"]

1. e4 e5 2. Nf3 Nc6 3. Bc4 Nf6 4. d3 Bc5 5. c3 d6 6. O-O h6 7. Re1 O-O 8. h3 a5
9. Nbd2 Be6 10. Bb5 Nd7 11. Nf1 f5 12. exf5 Bxf5 13. Ng3 Bg6 14. Be3 Bxe3 15.
Rxe3 Nf6 16. d4 e4 17. Nd2 d5 18. f3 exf3 19. Nxf3 Qd6 20. Qe1 Ne4 21. Nxe4 Bxe4
22. Nd2 Bf5 23. a4 Bd7 24. Qh4 Rae8 25. Rae1 Rxe3 26. Rxe3 Re8 27. Nf1 Rxe3 28.
Nxe3 Be6 29. Bxc6 Qxc6 30. Qe7 Kh7 31. Kh2 Bd7 32. Qe5 Qxa4 33. Nxd5 Qb5 34.
Qe4+ Kh8 35. Ne7 Qg5 36. Ng6+ Kg8 37. Ne5 Bc8 38. Ng6 Kf7 39. Ne5+ Kg8 40. Ng6
Kf7 41. Ne5+ 1/2-1/2

[Event "FIDE Grand Swiss 2019"]
[Site "Douglas"]
[Date "18.10.2019"]
[Round "8.15"]
[White "Svidler, Peter"]
[Black "Jumabayev, Rinat"]
[Result "1-0"]
[WhiteTitle "GM"]
[BlackTitle "GM"]
[WhiteElo "2729"]
[BlackElo "2630"]
[WhiteFideId "4102142"]
[BlackFideId "13702661"]
[EventDate "2019.10.10"]

1. e4 e6 2. d4 d5 3. Nc3 Nf6 4. e5 Nfd7 5. f4 c5 6. Nf3 Nc6 7. Be3 a6 8. Qd2 b5
9. Bd3 b4 10. Na4 c4 11. Be2 c3 12. Qc1 cxb2 13. Qxb2 Qa5 14. Qb3 Qc7 15. c3 Na5
16. Qc2 Rb8 17. O-O Be7 18. Rab1 O-O 19. Bd3 g6 20. g4 Nb6 21. f5 Nac4 22. cxb4
exf5 23. gxf5 Nxa4 24. Bh6 Qc6 25. e6 Bb7 26. Qg2 Kh8 27. Ng5 Qb6 28. Nxf7+ Rxf7
29. exf7 Qxd4+ 30. Rf2 Qxd3 31. Re1 Ne5 32. fxg6 Qxg6 33. Rxe5 Qxh6 34. Rxe7 Bc6
35. Re6 1-0

[Event "FIDE Grand Swiss 2019"]
[Site "Douglas"]
[Date "18.10.2019"]
[Round "8.21"]
[White "Howell, David W L"]
[Black "Bluebaum, Matthias"]
[Result "1-0"]
[WhiteTitle "GM"]
[BlackTitle "GM"]
[WhiteElo "2694"]
[BlackElo "2643"]
[WhiteFideId "410608"]
[BlackFideId "24651516"]
[EventDate "2019.10.10"]

1. c4 e6 2. g3 d5 3. Bg2 Nf6 4. Nf3 dxc4 5. Qa4+ Bd7 6. Qxc4 c5 7. Ne5 Qc8 8.
O-O Nc6 9. Nxd7 Qxd7 10. Nc3 Rc8 11. d3 Be7 12. Bg5 b6 13. Qa4 O-O 14. Rfc1 Rfd8
15. Kf1 Nd5 16. Bd2 Bf6 17. Rab1 Qe7 18. Ne4 Be5 19. a3 h6 20. b4 f5 21. Nc3
Bxc3 22. Bxc3 cxb4 23. Be1 Qd6 24. axb4 Ndxb4 25. Bxb4 Nxb4 26. Qxa7 Nd5 27.
Rxc8 Rxc8 28. Bf3 Qc6 29. Kg1 Qc2 30. Qa1 Kh7 31. Kg2 Qc5 32. Qa6 Rc6 33. h4 Rd6
34. h5 Nc3 35. Rc1 Rd8 36. Qa7 Kh8 37. Qf7 Qe5 38. Qe7 Rb8 39. d4 Qxd4 40. Qc7 1-0

[Event "FIDE Grand Swiss 2019"]
[Site "Douglas"]
[Date "18.10.2019"]
[Round "8.22"]
[White "Nguyen, Ngoc Truong Son"]
[Black "Grandelius, Nils"]
[Result "1/2-1/2"]
[WhiteTitle "GM"]
[BlackTitle "GM"]
[WhiteElo "2638"]
[BlackElo "2691"]
[WhiteFideId "12401110"]
[BlackFideId "1710400"]
[EventDate "2019.10.10"]

1. d4 Nf6 2. c4 g6 3. Nf3 Bg7 4. Nc3 d5 5. cxd5 Nxd5 6. e4 Nxc3 7. bxc3 c5 8.
Be3 Qa5 9. Nd2 cxd4 10. Nc4 Qa6 11. cxd4 O-O 12. Rb1 b5 13. Nd2 Bd7 14. Qb3 Rc8
15. Nf3 Qb7 16. Bxb5 Bxb5 17. Qxb5 Qxe4 18. O-O a6 19. Qb3 e6 20. d5 Qxd5 21.
Qxd5 exd5 22. Rfd1 Nc6 23. Rxd5 Rab8 24. Rxb8 Rxb8 25. g3 Bf8 26. Ne5 Nxe5 27.
Rxe5 Rc8 28. Rd5 h5 29. a4 Be7 30. Bb6 Rc6 31. Bd8 1/2-1/2

[Event "FIDE Grand Swiss 2019"]
[Site "Douglas"]
[Date "18.10.2019"]
[Round "8.23"]
[White "Sargissian, Gabriel"]
[Black "Lupulescu, Constantin"]
[Result "1/2-1/2"]
[WhiteTitle "GM"]
[BlackTitle "GM"]
[WhiteElo "2690"]
[BlackElo "2643"]
[WhiteFideId "13300881"]
[BlackFideId "1207822"]
[EventDate "2019.10.10"]

1. d4 Nf6 2. c4 e6 3. Nf3 d5 4. g3 Bb4+ 5. Bd2 Bd6 6. Nc3 O-O 7. Bg5 Be7 8. Bg2
h6 9. Bxf6 Bxf6 10. O-O c6 11. Qc2 Nd7 12. Rfd1 dxc4 13. Ne4 Nb6 14. Ne5 Be7 15.
Nxc4 Nxc4 16. Qxc4 Bd7 17. Nc5 Qc7 18. b4 Rfd8 19. Qc3 a5 20. a3 Be8 21. e3 Ra7
22. Nb3 axb4 23. axb4 Rda8 24. Rxa7 Rxa7 25. Nc5 Qb8 26. Ra1 Qa8 27. Rxa7 Qxa7
28. Bf3 g6 29. h4 h5 30. Kg2 b6 31. Nd3 Qa4 32. Be2 Bd6 33. Kf1 Kf8 34. Ke1 Ke7
35. Bd1 Qa6 36. Bf3 Qa4 37. Kf1 Kd8 38. Kg2 Ke7 39. Qb2 Kd8 40. Qc3 Ke7 41. e4
Kd8 42. e5 Be7 43. Be4 Bd7 44. Bf3 1/2-1/2